[Event "Molde Rosecupen B"]
[Site "Molde"]
[Date "2018.06.02"]
[Round "3.7"]
[White "Fauske, Oskar Hestnes"]
[Black "Hausken, Aleksander Skrede"]
[Result "1-0"]
[WhiteElo "1395"]
[BlackElo "1387"]
[PlyCount "85"]
[EventDate "2018.06.02"]
[EventType "swiss"]
[EventRounds "6"]
[EventCountry "NOR"]
[SourceTitle "EXT 2024"]
[Source "ChessBase"]
[SourceDate "2023.10.10"]
[SourceVersion "1"]
[SourceVersionDate "2023.10.10"]
[SourceQuality "1"]

1. e4 e5 2. Nf3 Nc6 3. Bb5 a6 4. Ba4 Nf6 5. 0-0 b5 6. Bb3 d6 7. h3 Na5 8. d3 h6 9. Re1 c5 10. Nbd2 Be7 11. c4 0-0 12. Nf1 Bb7 13. Ng3 Nc6 14. Nf5 Bc8 15. Ng3 Nh7 16. cxb5 axb5 17. Bd5 Bd7 18. Nf5 Rc8 19. Ne3 Ng5 20. Bd2 Nxf3+ 21. Qxf3 Nd4 22. Qd1 Be6 23. Bc3 Bg5 24. Bxe6 fxe6 25. Bxd4 exd4 26. Ng4 h5 27. Nh2 g6 28. Nf3 Bh6 29. Qb3 c4 30. Qxb5 c3 31. Nxd4 c2 32. Ne2 Rc5 33. Qa6 Qc7 34. f4 Rc8 35. Rac1 e5 36. Nc3 Rxc3 37. bxc3 Qxc3 38. Re2 Qb2 39. Qxc8+ Bf8 40. Rexc2 Qb6+ 41. Kh1 exf4 42. Qe6+ Kh7 43. Qf7+ 1-0